000
00308 a2200157 4500
001
164681
020
_a
040
_c
Magnum
100
_a
Karnal, Leandro
240
1
0
_a
Oriente medio
_l
por
245
1
0
_a
Oriente medio
362
0
_a
1899
440
1
_a
Scipione
697
_a
PARADIDATICO
942
_c
BK
999
_c
164681
_d
164681